| 000 | 00483nam a2200181Ia 4500 | ||
|---|---|---|---|
| 001 | 4236 | ||
| 005 | 20260306145741.0 | ||
| 008 | 260306t2016||||xx |||||||||||||| ||spa|| | ||
| 041 | _aESP | ||
| 082 |
_a320.014 _bR54 |
||
| 100 |
_aRichard, Eugénie _eAUT |
||
| 245 | 0 |
_aManual de comunicación de gobierno: _bestrategias para proyectar las políticas públicas |
|
| 260 | _c2016 | ||
| 300 |
_a210 páginas : _c21 cm. |
||
| 650 | _aGEN | ||
| 654 | _aCDE | ||
| 942 |
_cLIB _dJUS _fJUS _2ddc _n |
||
| 999 |
_c4236 _d4236 |
||